[Event "10th Norway Chess 2022"]
[Site "Stavanger"]
[Date "2022.05.31"]
[Round "1.2"]
[White "Mamedyarov, Shakhriyar"]
[Black "Tari, Aryan"]
[Result "1-0"]
[WhiteElo "2770"]
[BlackElo "2654"]
[Annotator "TA"]
[PlyCount "71"]
[EventDate "2022.05.30"]
[EventType "tourn"]
[EventCountry "NOR"]
[SourceTitle "playchess.com"]
[Source "ChessBase"]
[SourceQuality "1"]

{[%evp 18,71,66,69,65,59,81,67,95,21,86,66,79,90,97,39,64,58,42,27,27,21,32,30,37,44,20,34,32,49,24,19,44,18,45,22,159,143,158,173,178,153,162,97,106,86,191,189,192,194,630,627,605,587,782,768]} 1. d4 {[%emt 0:00:01]} Nf6 {[%emt 0:00:02]} 2. c4 {[%emt 0:00:01]} e6 3. Nc3 Bb4 {[%emt 0:00:01]} 4. Qc2 c5 {[%emt 0:00:05]} 5. dxc5 {[%emt 0:00:02]} O-O {[%emt 0:00:02]} 6. a3 {[%emt 0:00:01]} Bxc5 {[%emt 0:00:04]} 7. Bf4 {[%emt 0:00:01]} d5 {[%emt 0:00:17]} 8. e3 Nc6 {[%emt 0:00:14]} 9. Nf3 {[%emt 0:00:02]} dxc4 {[%emt 0:00:10]} 10. Bxc4 {[%emt 0:00:09]} Bd7 {[%emt 0:00:01] D37: Queen's Gambit Declined: 5 Bf4.} 11. Rd1 {[%emt 0:00:36]} Be7 {[%emt 0:00:11]} 12. O-O {[%emt 0:00:22]} Rc8 {[%emt 0:00:03] White is slightly better.} 13. Ba2 {[%emt 0:00:01] [#] White is much more active.} ({Better is} 13. e4 $16) 13... Nh5 $146 {[%emt 0:00:17]} (13... Qa5 $11 {remains equal.}) ({Predecessor:} 13... Qa5 14. Nd2 Qh5 15. Nde4 Nxe4 16. Qxe4 Rfd8 17. Rxd7 Rxd7 18. Bxe6 Rcd8 19. Bxd7 Rxd7 {½-½ (32) Hochgraefe,M (2333)-Pedersen,S (2419) Germany 2013}) 14. Bb1 {[%emt 0:00:15][%csl Gb1][%cal Rc2h7]} g6 $1 {[%emt 0:00:08]} 15. Bh6 {[%emt 0:00:24]} Re8 {[%emt 0:00:01]} 16. Qd3 {[%emt 0:00:25]} ({White should try} 16. Qe2 $16) 16... Nf6 $14 {[%emt 0:00:16]} 17. Bg5 {[%emt 0:00:14] And now Bxf6 would win.} Qb6 {[%emt 0:00:23]} 18. e4 {[%emt 0:00:20][%cal Be3e4,Be4e5][%mdl 32]} Red8 {[%emt 0:00:08]} ({Don't take} 18... Qxb2 19. Na4 Qa1 20. Bxf6 Bxf6 21. Qxd7 $16) 19. e5 {[%emt 0:00:41]} Be8 {[%emt 0:00:01]} 20. Qe2 {[%emt 0:00:09]} Nd5 {[%emt 0:00:24]} 21. Nxd5 {[%emt 0:00:17]} Rxd5 {[%emt 0:00:05]} 22. Rxd5 {[%emt 0:00:28]} exd5 {[%emt 0:00:02]} 23. Bxe7 {[%emt 0:00:35]} Nxe7 24. Qd2 Kg7 {[%emt 0:00:38]} 25. Re1 {[%emt 0:00:25][%cal Oe5e6]} h6 {[%emt 0:00:31]} 26. h4 {[%emt 0:00:14][%cal Oe5e6,Bh2h4,Bh4h5,Bh5g6][%mdl 32]} (26. e6 $5 fxe6 27. h4 $11) 26... Qe6 {[%emt 0:00:45]} (26... Bd7 $11 {keeps the balance.}) 27. h5 $1 $16 {[%emt 0:00:46]} Rc4 {[%emt 0:00:23] [#]} 28. hxg6 $1 {[%emt 0:00:17]} fxg6 {[%emt 0:00:01]} 29. Nd4 {[%emt 0:00:11]} Qg4 {[%emt 0:00:07]} 30. Rd1 {[%emt 0:00:41]} (30. f4 $18) 30... Nc6 {[%emt 0:00:21][%cal Rc6d4]} 31. Nf3 {[%emt 0:00:03] Black must now prevent Ba2.} Bf7 {[%emt 0:00:04]} (31... Qf4 $16) 32. Ba2 $18 {[%emt 0:00:18]} Rf4 {[%emt 0:00:09] Strongly threatening ...Rxf3.} 33. Bxd5 {[%emt 0:00:04]} Nd4 {[%emt 0:00:01] Prevents e6.} (33... Bxd5 34. Qxd5 Rf7) 34. Nxd4 {[%emt 0:00:27][%cal Od4e6] Ne6+! is the strong threat. White is clearly winning.} Bxd5 {[%emt 0:00:02][%csl Gd5][%cal Rg4g2] [#]} 35. f3 $1 ({Not} 35. Nf5+ Rxf5 36. Qxd5 Qe2 $14) 35... Qg5 {[%emt 0:00:34]} 36. Ne2 {[%emt 0:00:08][%csl LRd5,LRf4] Weighted Error Value: White=0.11 (very precise) /Black=0.43} 1-0

[Event "10th Norway Chess 2022"]
[Site "Stavanger"]
[Date "2022.05.31"]
[Round "1.2"]
[White "Giri, Anish"]
[Black "Topalov, Veselin"]
[Result "1-0"]
[WhiteElo "2761"]
[BlackElo "2730"]
[Annotator "TA"]
[PlyCount "65"]
[EventDate "2022.05.30"]
[EventType "tourn"]
[EventCountry "NOR"]
[SourceTitle "playchess.com"]
[Source "ChessBase"]
[SourceQuality "1"]

{[%evp 16,65,14,6,8,0,0,0,0,0,0,0,6,0,0,0,20,23,24,14,64,47,88,64,88,104,92,60,123,124,123,108,110,111,119,110,120,126,236,120,111,108,123,110,113,92,172,177,175,161,901,869]} 1. d4 Nf6 {[%emt 0:00:02]} 2. c4 e6 {[%emt 0:00:02]} 3. Nf3 d5 {[%emt 0:00:02]} 4. g3 {[%emt 0:00:01]} Bb4+ {[%emt 0:00:02]} 5. Bd2 {[%emt 0:00:01]} Be7 6. Bg2 {[%emt 0:00:02]} O-O {[%emt 0:00:02]} 7. O-O {[%emt 0:00:01]} Nbd7 {[%emt 0:00:02]} 8. Qc2 {[%emt 0:00:01]} c6 {[%emt 0:00:02]} 9. Bf4 b6 {[%emt 0:00:05] E11: Bogo-Indian.} 10. Nbd2 {[%emt 0:00:01]} Nh5 {[%emt 0:00:05]} 11. e3 $5 {[%emt 0:00:01][%mdl 4] outshines the older 11.Be3. A promising side line.} Bb7 {[%emt 0:00:08] The position is equal.} 12. cxd5 {[%emt 0:00:01]} exd5 {[%emt 0:00:14]} 13. h4 {[%emt 0:00:02] [#]} Rc8 $146 {[%emt 0:00:11]} ({Predecessor:} 13... c5 14. Nb1 b5 15. Ng5 g6 16. Nc3 cxd4 17. Nxd5 Rc8 18. Qd1 Bxd5 19. Bxd5 Nxf4 20. exf4 {½-½ (32) Shpakovsky,A (2546)-Rallabandi,P (2488) ICCF email 2020}) 14. Nb1 {[%emt 0:00:23]} Nxf4 {[%emt 0:00:16]} 15. exf4 {[%emt 0:00:01]} c5 {[%emt 0:00:02]} 16. Nc3 {[%emt 0:00:01]} Nf6 {[%emt 0:00:09]} 17. Rad1 {[%emt 0:00:16]} a6 {[%emt 0:00:09]} (17... cxd4 $11 18. Nxd4 Bc5) 18. dxc5 $14 {[%emt 0:02:11]} Rxc5 {[%emt 0:00:06]} 19. Rfe1 {[%emt 0:00:19]} Re8 {[%emt 0:00:17]} 20. Qb3 {[%emt 0:00:11]} h6 {[%emt 0:01:12]} 21. Nd4 {[%emt 0:00:02][%cal Bf3d4,Bd4c2,Bc2e3,Be3d5,Bd5e3][%mdl 32]} Bf8 {[%emt 0:01:08]} (21... Rc8 $14) 22. Rxe8 $16 {[%emt 0:00:16]} Nxe8 {[%emt 0:00:05]} 23. Nc2 {[%emt 0:00:44] White is much more active. Pair of Knights!} Nf6 {[%emt 0:00:09]} 24. Ne3 {[%emt 0:00:08]} b5 {[%emt 0:00:02]} 25. Ncxd5 {[%emt 0:00:18]} Nxd5 {[%emt 0:00:08]} 26. Bxd5 {[%emt 0:00:08]} Qc7 {[%emt 0:00:07] [#]} (26... Bxd5 $16 27. Nxd5 (27. Rxd5 Rc1+ 28. Kh2 Qa8 $16) 27... Qe8) 27. Bxb7 {[%emt 0:00:08]} (27. Bxf7+ $1 $18 {[%mdl 512]} Qxf7 28. Qxf7+ Kxf7 29. Rd7+ Kg8 30. Rxb7) 27... Qxb7 28. Nd5 {[%emt 0:00:15]} Qc6 {[%emt 0:00:07]} 29. Qf3 {[%emt 0:01:37]} Rc2 {[%emt 0:00:03]} 30. a3 {[%emt 0:00:10]} Bc5 {[%emt 0:00:03]} (30... a5 $16 {is a better defense.}) 31. b4 $18 {[%emt 0:00:39]} Bf8 {[%emt 0:00:14]} (31... Bxf2+ $2 32. Qxf2 Rxf2 33. Ne7+ Kh8 34. Nxc6 $18) 32. Kg2 {[%emt 0:00:02]} Qc4 $2 {[%emt 0:00:06]} (32... Kh8 33. f5 Rc4) 33. Ne3 $1 {[%emt 0:00:03][%csl LRc2,LRc4] Weighted Error Value: White=0.11 (very precise) /Black=0.21 (precise)} 1-0

[Event "10th Norway Chess 2022"]
[Site "Stavanger"]
[Date "2022.06.01"]
[Round "2.1"]
[White "So, Wesley"]
[Black "Carlsen, Magnus"]
[Result "1/2-1/2"]
[WhiteElo "2766"]
[BlackElo "2864"]
[Annotator "TA"]
[PlyCount "75"]
[EventDate "2022.05.30"]
[EventType "tourn"]
[EventCountry "NOR"]
[SourceTitle "playchess.com"]
[Source "ChessBase"]
[SourceQuality "1"]
[TimeControl "40/7200:0"]

{[%evp 16,75,24,6,36,31,41,40,36,27,28,33,33,29,37,43,36,25,26,21,26,26,23,25,33,27,38,18,33,10,57,52,53,59,60,52,60,49,49,49,49,9,31,0,0,0,0,0,0,0,0,0,0,0,0,0,0,0,0,0,0,0]} 1. d4 {[%emt 0:00:16]} d5 {[%emt 0:00:14]} 2. c4 {[%emt 0:00:10]} c6 {[%emt 0:00:09]} 3. Nf3 {[%emt 0:03:57]} Nf6 {[%emt 0:00:15]} 4. Nc3 {[%emt 0:00:04]} e6 {[%emt 0:00:11]} 5. e3 {[%emt 0:05:58]} Nbd7 {[%emt 0:00:24]} 6. Qc2 {[%emt 0:00:05]} Bd6 {[%emt 0:00:19]} 7. Bd3 {[%emt 0:00:08]} O-O {[%emt 0:00:43]} 8. O-O {[%emt 0:00:10]} h6 {[%emt 0:01:09]} 9. b3 {[%emt 0:07:08]} e5 {[%emt 0:00:21] [#] Strongly threatening ...e4. D46: Semi-Slav: 5 e3 Nbd7 6 Bd3, Black avoids the Meran.} 10. cxd5 {[%emt 0:02:54]} Nxd5 {[%emt 0:00:38]} 11. Nxd5 {[%emt 0:01:29]} cxd5 {[%emt 0:00:04] White is slightly better.} 12. dxe5 {[%emt 0:00:06]} Nxe5 {[%emt 0:00:14]} 13. Nxe5 {[%emt 0:00:22]} Bxe5 {[%emt 0:00:03]} 14. Bb2 {[%emt 0:00:06]} Qf6 {[%emt 0:00:13]} 15. Bxe5 {[%emt 0:02:26]} Qxe5 {[%emt 0:00:02]} 16. Rac1 {[%emt 0:01:02]} Bd7 {[%emt 0:00:09]} 17. Qc7 {[%emt 0:06:36]} Qxc7 {[%emt 0:00:08]} 18. Rxc7 {[%emt 0:00:05]} Bc6 {[%emt 0:00:07] [#]} 19. Rc1 $146 {[%emt 0:06:16]} ({Predecessor:} 19. b4 Rac8 20. Rxc8 Rxc8 21. Rc1 Bd7 22. Rxc8+ Bxc8 23. Kf1 Kf8 24. Ke2 Ke7 25. Bb5 {½-½ (43) Demir,B (2099)-Avci,A (1844) Konya 2016}) 19... Rfc8 {[%emt 0:00:34]} 20. Rxc8+ {[%emt 0:00:14]} Rxc8 $14 {[%emt 0:00:02][%mdl 4096] Endgame KRB-KRB} 21. Kf1 {[%emt 0:03:20]} Kf8 {[%emt 0:00:44][%cal Od5d4]} 22. Ke2 {[%emt 0:00:09]} Bd7 {[%emt 0:00:13]} (22... Re8 $11 {was preferrable.}) 23. Rxc8+ {[%emt 0:00:25]} Bxc8 {[%emt 0:00:01] KB-KB} 24. Kd2 {[%emt 0:00:03]} Ke7 {[%emt 0:00:18]} 25. Kc3 {[%emt 0:00:05]} Kd6 {[%emt 0:00:13]} 26. b4 {[%emt 0:00:06]} b6 {[%emt 0:00:14]} 27. Kd4 {[%emt 0:00:05]} a5 {[%emt 0:00:40]} 28. b5 {[%emt 0:01:33]} Bd7 {[%emt 0:00:20]} 29. a4 {[%emt 0:00:48]} Bc8 {[%emt 0:00:10] The position is equal.} 30. f4 {[%emt 0:00:03]} f6 {[%emt 0:02:38]} 31. f5 {[%emt 0:02:44]} Bb7 {[%emt 0:00:34]} 32. g3 {[%emt 0:00:14]} Bc8 {[%emt 0:00:09]} 33. Bc2 {[%emt 0:00:06]} Bd7 {[%emt 0:00:15]} 34. g4 {[%emt 0:00:06] [#] Threatens to win with Bb3.} Bc8 {[%emt 0:00:06]} 35. Bb3 {[%emt 0:00:04]} Bb7 {[%emt 0:00:10]} 36. Ba2 {[%emt 0:00:01]} Ba8 {[%emt 0:00:08]} 37. Bb3 {[%emt 0:00:02]} Bb7 {[%emt 0:00:07]} 38. Ba2 {[%emt 0:00:04] Weighted Error Value: White=0.07 (flawless) /Black=0.06 (flawless)} 1/2-1/2

[Event "10th Norway Chess 2022"]
[Site "Stavanger"]
[Date "2022.06.01"]
[Round "2.1"]
[White "Radjabov, Teimour"]
[Black "Tari, Aryan"]
[Result "1/2-1/2"]
[WhiteElo "2753"]
[BlackElo "2654"]
[Annotator "TA"]
[PlyCount "65"]
[EventDate "2022.05.30"]
[EventType "tourn"]
[EventCountry "NOR"]
[SourceTitle "playchess.com"]
[Source "ChessBase"]
[SourceQuality "1"]
[TimeControl "40/7200:0"]

{[%evp 11,65,43,48,30,31,-1,29,25,30,24,26,12,8,10,21,11,12,4,0,0,0,0,0,0,0,0,0,0,0,0,0,0,0,0,0,0,0,0,0,0,0,0,0,0,0,0,0,0,72,72,72,71,72,71,71,66]} 1. d4 {[%emt 0:00:03]} Nf6 {[%emt 0:00:25]} 2. c4 {[%emt 0:00:05]} e6 {[%emt 0:00:06]} 3. Nf3 {[%emt 0:00:07]} d5 {[%emt 0:00:06]} 4. Nc3 {[%emt 0:00:05]} c5 {[%emt 0:00:06]} 5. cxd5 {[%emt 0:00:15]} cxd4 {[%emt 0:00:11]} 6. Qxd4 {[%emt 0:00:06]} exd5 {[%emt 0:00:09]} 7. e4 {[%emt 0:00:06] D41: Queen's Gambit Declined: Semi-Tarrasch with 5 cxd5.} dxe4 $1 {[%emt 0:00:18][%mdl 4] outshines the older 7...Nc6.} 8. Qxd8+ {[%emt 0:00:07]} Kxd8 {[%emt 0:00:05]} 9. Ng5 {[%emt 0:00:07][%csl LRe4,LRf7] White has an edge.} Be6 {[%emt 0:00:06]} 10. Nxe6+ {[%emt 0:00:31]} fxe6 {[%emt 0:00:07]} 11. Bc4 {[%emt 0:00:06]} Ke7 {[%emt 0:02:04]} 12. O-O {[%emt 0:00:35] next Re1 is good for White.} Kf7 {[%emt 0:01:33]} 13. Nb5 {[%emt 0:01:22][%mdl 1024] aiming for Nc7. White has compensation.} Na6 {[%emt 0:01:53] [#] Prevents Nc7.} 14. a3 $146 {[%emt 0:00:15]} ({Predecessor:} 14. Be3 Bc5 15. Bxc5 Nxc5 16. b4 Na6 17. a3 Ke7 18. Rac1 Rhc8 19. Ba2 Nd5 20. Bb1 {½-½ (44) Spartinos,P (2357)-Baranowski,T (2359) ICCF email 2015}) 14... Be7 {[%emt 0:05:30]} 15. Be3 {[%emt 0:02:01]} Rhc8 {[%emt 0:12:06]} 16. Rac1 {[%emt 0:02:54]} Nc5 {[%emt 0:17:27]} 17. Rc2 {[%emt 0:01:05]} a5 {[%emt 0:21:53][%cal Ba7a5,Ba5a4][%mdl 32]} 18. Rfc1 {[%emt 0:09:57] Hoping for Be2.} a4 $1 {[%emt 0:00:58]} 19. Bxc5 {[%emt 0:14:56]} Rxc5 {[%emt 0:01:21]} 20. Bxe6+ {[%emt 0:04:29]} Kxe6 {[%emt 0:00:30]} 21. Rxc5 {[%emt 0:00:17]} Bxc5 {[%emt 0:00:06]} 22. Rxc5 $11 {[%emt 0:00:07][%mdl 4096] Endgame KRN-KRN} (22. Nc7+ Kd6 23. Nxa8 e3 24. Rd1+ Kc6 25. fxe3 Nd5) 22... Rd8 {[%emt 0:03:08][%cal Rd8d1] [#]} 23. Nc3 {[%emt 0:00:37] Inhibits Rd1+.} Rd2 {[%emt 0:02:08]} 24. Rb5 {[%emt 0:00:38]} Nd5 {[%emt 0:02:14] Against Rb6+. Threatens to win with ...Nxc3.} 25. h4 {[%emt 0:00:57]} Nxc3 {[%emt 0:01:02]} 26. bxc3 {[%emt 0:00:05] KR-KR} Ra2 {[%emt 0:01:49]} 27. Rxb7 {[%emt 0:00:27]} Kf6 {[%emt 0:00:33]} 28. Rb4 {[%emt 0:08:00]} Rxa3 {[%emt 0:00:07]} 29. Rxe4 {[%emt 0:00:03]} Rxc3 {[%emt 0:00:11]} (29... Ra1+ $11 {keeps the balance.} 30. Kh2 a3) 30. Rxa4 $16 {[%emt 0:00:04] White is better.} h5 {[%emt 0:01:03]} 31. Rf4+ {[%emt 0:00:44]} Kg6 {[%emt 0:00:14]} 32. Kh2 {[%emt 0:00:18]} Ra3 {[%emt 0:00:25]} 33. Rb4 {[%emt 0:02:54] Weighted Error Value: White=0.02 (flawless) /Black=0.06 (flawless)} 1/2-1/2

[Event "10th Norway Chess 2022"]
[Site "Stavanger"]
[Date "2022.06.01"]
[Round "2.1"]
[White "Vachier-Lagrave, Maxime"]
[Black "Mamedyarov, Shakhriyar"]
[Result "1/2-1/2"]
[WhiteElo "2750"]
[BlackElo "2770"]
[Annotator "TA"]
[PlyCount "63"]
[EventDate "2022.05.30"]
[EventType "tourn"]
[EventCountry "NOR"]
[SourceTitle "playchess.com"]
[Source "ChessBase"]
[SourceQuality "1"]
[TimeControl "40/7200:0"]

{[%evp 14,63,21,20,20,12,22,19,33,21,17,16,19,0,0,0,0,0,0,0,0,0,0,0,0,0,0,0,0,0,0,0,0,0,0,0,0,0,0,0,0,0,0,0,0,0,0,0,0,0,0,0]} 1. d4 {[%emt 0:00:04]} Nf6 {[%emt 0:00:16]} 2. c4 {[%emt 0:00:06]} e6 {[%emt 0:00:04]} 3. Nf3 {[%emt 0:00:07]} d5 {[%emt 0:00:09]} 4. Nc3 {[%emt 0:00:04]} c5 {[%emt 0:00:10]} 5. cxd5 {[%emt 0:00:56]} cxd4 {[%emt 0:00:47]} 6. Qxd4 {[%emt 0:00:03]} exd5 {[%emt 0:00:07]} 7. Bg5 {[%emt 0:02:28]} Be7 {[%emt 0:01:04]} 8. e3 {[%emt 0:00:03]} O-O {[%emt 0:00:06] D50: Queen's Gambit Declined: Dutch-Peruvian Gambit.} 9. Qa4 {[%emt 0:00:11]} h6 {[%emt 0:02:15]} 10. Bh4 {[%emt 0:01:01]} Nc6 {[%emt 0:04:04]} 11. Bb5 {[%emt 0:00:42]} Ne4 {[%emt 0:13:18] The position is equal.} 12. Bxe7 {[%emt 0:09:27]} Nxe7 {[%emt 0:00:41]} 13. Rc1 {[%emt 0:00:08]} Qb6 {[%emt 0:07:13]} 14. O-O {[%emt 0:02:18]} a6 {[%emt 0:03:29] [#] And now ...Nxc3 would win.} 15. Nxe4 {[%emt 0:05:19]} dxe4 {[%emt 0:01:10]} 16. Qxe4 {[%emt 0:01:05] Black must now prevent Ba4.} Qxb5 {[%emt 0:00:17]} 17. Qxe7 {[%emt 0:00:08]} Qxb2 {[%emt 0:00:03]} 18. a3 {[%emt 0:04:39]} Bf5 {[%emt 0:03:17]} 19. Rc7 {[%emt 0:02:21]} b5 {[%emt 0:01:39] [#]} 20. Qb4 $146 {[%emt 0:01:11]} ({Predecessor:} 20. Qc5 Bd3 21. Re1 Bc4 {½-½ (21) Deforel,J (2245)-Assuncao,J (2335) ICCF email 2015}) 20... Qxb4 {[%emt 0:02:56]} 21. axb4 {[%emt 0:00:14]} Rfc8 {[%emt 0:00:02]} 22. Rfc1 {[%emt 0:00:20]} Rxc7 {[%emt 0:00:10]} 23. Rxc7 $11 {[%emt 0:00:07][%mdl 4096] Endgame KRB-KRN} a5 {[%emt 0:00:17]} 24. bxa5 {[%emt 0:00:08]} Rxa5 {[%emt 0:00:04] [#] ( -> ...Ra1+)} 25. h3 {[%emt 0:00:57]} b4 {[%emt 0:04:19]} 26. Nd4 {[%emt 0:01:54]} Be4 {[%emt 0:00:52]} 27. f3 {[%emt 0:03:04]} Bd5 {[%emt 0:00:35]} 28. e4 {[%emt 0:01:07]} Ra1+ {[%emt 0:00:29]} 29. Kh2 {[%emt 0:01:08]} Rd1 {[%emt 0:00:29]} (29... b3 $5 30. Rc8+ (30. exd5 $2 b2 $19) 30... Kh7 $11) 30. exd5 {[%emt 0:00:42] aiming for Nc6.} Rxd4 {[%emt 0:00:04]} 31. Rb7 {[%emt 0:00:09]} Rxd5 {[%emt 0:00:04]} 32. Rxb4 {[%emt 0:00:04] An interesting draw.  Weighted Error Value: White=0.02 (flawless) /Black=0.01 (flawless)} 1/2-1/2

[Event "10th Norway Chess 2022"]
[Site "Stavanger"]
[Date "2022.06.01"]
[Round "2.1"]
[White "Wang, Hao"]
[Black "Giri, Anish"]
[Result "1/2-1/2"]
[WhiteElo "2744"]
[BlackElo "2761"]
[Annotator "TA"]
[PlyCount "64"]
[EventDate "2022.05.30"]
[EventType "tourn"]
[EventCountry "NOR"]
[SourceTitle "playchess.com"]
[Source "ChessBase"]
[SourceQuality "1"]
[TimeControl "40/7200:0"]

{[%evp 12,64,17,6,23,22,13,22,20,18,27,12,14,9,0,18,5,5,22,20,23,18,6,0,22,14,32,33,33,32,32,32,33,33,33,33,35,36,40,36,38,44,41,0,46,0,0,0,0,0,0,0,0,0,0]} 1. e4 {[%emt 0:00:04]} c5 {[%emt 0:00:06]} 2. Nf3 {[%emt 0:00:05]} d6 {[%emt 0:00:04]} 3. d4 {[%emt 0:00:05]} cxd4 {[%emt 0:00:04]} 4. Nxd4 {[%emt 0:00:05]} Nf6 {[%emt 0:00:05]} 5. Nc3 {[%emt 0:00:06]} a6 {[%emt 0:00:04]} 6. h3 {[%emt 0:00:07]} e5 {[%emt 0:01:55]} 7. Nb3 {[%emt 0:00:11]} Be7 {[%emt 0:00:34] B90: Sicilian Najdorf: Unusual White 6th moves, 6 Be3 Ng4 and 6 Be3 e5.} 8. Be3 {[%emt 0:03:43] 8.g4 is more advanced technology.} Be6 {[%emt 0:00:16]} 9. f4 {[%emt 0:00:05]} exf4 {[%emt 0:02:30]} 10. Bxf4 {[%emt 0:00:07]} Nc6 {[%emt 0:00:02]} 11. Qe2 $1 {[%emt 0:00:09]} Ne5 {[%emt 0:01:33]} 12. O-O-O {[%emt 0:00:50]} Nfd7 {[%emt 0:00:02]} 13. Kb1 {[%emt 0:00:19]} Rc8 {[%emt 0:02:02][%cal Oc8c3]} 14. Qe3 {[%emt 0:01:28]} O-O {[%emt 0:00:13]} 15. g4 {[%emt 0:00:07]} Re8 {[%emt 0:02:03]} 16. Nd4 {[%emt 0:05:43]} Qa5 {[%emt 0:02:16][%cal Oc8c3]} 17. a3 {[%emt 0:00:31]} b5 {[%emt 0:00:37]} 18. Nf5 {[%emt 0:03:27]} b4 {[%emt 0:08:39]} (18... Bxf5 $5 19. gxf5 Nb6 $11) 19. axb4 {[%emt 0:15:32]} Qxb4 {[%emt 0:00:07]} 20. Qd4 {[%emt 0:02:10] Really sharp! Active counter play!} Qa5 $1 {[%emt 0:05:18]} 21. Nxe7+ {[%emt 0:14:57]} ({Inferior is} 21. Nxd6 Bxd6 22. Qxd6 Rxc3 23. bxc3 Nc5 $1 24. Qxe5 (24. Bxe5 $2 Qa2+ 25. Kc1 Qa3+ 26. Kd2 Nxe4+ 27. Ke1 Nxd6 $19) 24... Ba2+ 25. Kb2 Na4+ 26. Kc1 Rxe5 27. Bxe5 f5 $17) 21... Rxe7 {[%emt 0:00:02]} 22. Qxd6 {[%emt 0:00:12] [#]} Rxc3 $146 {[%emt 0:01:01]} ({Predecessor:} 22... Ree8 23. Nd5 Qa4 24. Rh2 Bxd5 25. Qxd5 Nf6 26. Qb3 Qxe4 27. Bxe5 Qxe5 28. Re2 Ne4 {½-½ (39) Yu,Y (2704)-Vachier Lagrave,M (2763) Riga 2021}) 23. Bxe5 {[%emt 0:00:17] A strong pair of Bishops.} (23. Qxe7 {leads to mate.} Qa2+ 24. Kc1 {[#]} Nf3 $1 25. Qe8+ Nf8) 23... Ba2+ $1 {[%emt 0:01:48]} (23... Qa2+ $2 24. Kc1 Qa1+ 25. Kd2 $18) 24. Kc1 {[%emt 0:01:01][%cal Bb1c1,Bc1c2,Bc2d3][%mdl 32]} Rxc2+ {[%emt 0:04:59]} 25. Kxc2 {[%emt 0:00:48]} Rxe5 {[%emt 0:01:06]} 26. Bc4 {[%emt 0:12:40]} Rc5 {[%emt 0:45:16]} 27. Qxd7 {[%emt 0:07:56][%cal Rd7e8]} (27. b3 $5 {[%cal Rd6d7]} Qb4 28. Qg3 (28. Kb2 Bxb3 29. Qxc5 Qxc5 $17) 28... Bxb3+ 29. Qxb3 Rxc4+ 30. Kb2 $16) 27... Rxc4+ {[%emt 0:00:40]} 28. Kd3 {[%emt 0:00:03][%cal Rd7e8]} h6 $1 {[%emt 0:04:04] And now ...Qe5 would win. The position is equal.} 29. Rc1 {[%emt 0:13:28]} Qb4 {[%emt 0:06:26][%csl LRb2,LRe4][%cal Oa2b1] aiming for ...Bb1+!} 30. Rxc4 {[%emt 0:05:43]} Bxc4+ {[%emt 0:02:28]} 31. Kc2 {[%emt 0:00:10]} Bb3+ {[%emt 0:00:52][%mdl 64] Discovered Attack} 32. Kd3 {[%emt 0:00:06]} Bc4+ {[%emt 0:00:03][%mdl 64] Discovered Attack.  Weighted Error Value: White=0.03 (flawless) /Black=0.02 (flawless)} 1/2-1/2